000 00498cam a22001814a 4500
005 20250605164336.0
008 250528s ||||||||||||||||||||||||d
035 _a23463
040 _aGR-AtMCL
_bgre
_dGR-AtMCL
_eAACR2
245 1 _aRepresentations of Smoking and the Influence of the New Anti-Smoking Legislation to Greek Smokers
260 _c2010
300 _a54
700 1 _aKushi Marina
_99031
700 1 _aLouka Penelope
_99017
942 _cDS
999 _c8473
_d8473